| 000 | 01048nam a22003137a 4500 | ||
|---|---|---|---|
| 003 | CHAP | ||
| 005 | 20220329140326.0 | ||
| 008 | 971013s1971 r 00010 d | ||
| 010 | _a50418 | ||
| 011 | _a51390 | ||
| 035 | _a55540 | ||
| 040 | _cCHAP | ||
| 090 | _aTesis | ||
| 100 | 0 | 0 |
_aVilleda Sagastume, Bladimiro Andino. _9119735 |
| 245 | _aEvaluación del sistema de entrega de tierras en cooperativa, en la cooperativa agrícola las cabezas, R.L. | ||
| 260 |
_aGuatemala : _bEl autor, _c1971 |
||
| 300 | _a75 p. | ||
| 500 | _aA | ||
| 502 | _aTesis (Ing. Agrónomo) -- Universidad de San Carlos de Guatemala. Fac. de Agronomía | ||
| 590 |
_aALEPH _b10 _c20130110 _lUCH01 _h1324 |
||
| 590 |
_aBATCH-UPD _b10 _c20130110 _lUCH01 _h0339 |
||
| 590 |
_aCONVERSION _b10 _c20130109 _lUCH01 _h1327 |
||
| 650 | 1 | 4 |
_aAgricultura cooperativa. _91945 |
| 650 | 1 | 4 |
_aAgricultura _xSociedades _xGuatemala. _91807 |
| 650 | 1 | 4 |
_aTierras _xTenencia _xGuatemala. _9113168 |
| 901 | _aBK | ||
| 942 | _cTESIS | ||
| 949 |
_bBC _cTES _d-121779 _eTS1 _h19520 _i55540 _mD _si |
||
| 999 |
_c50418 _d50418 |
||